000 00262nam a2200121Ia 4500
100 _aGAIKWAD/ BORKUE
650 _aMathematics
942 _cBK
245 _aBasic mathematics
260 _bS.Chand
_aNew Delhi
_c2013
082 _a510/GAI/BOR
546 _aENGLISH
999 _c26523
_d26523